|
|
|
|
| LEADER |
00000nam0a2200000 4500 |
| 001 |
184480 |
| 005 |
20231031172406.0 |
| 035 |
|
|
|a (RuTPU)RU\TPU\book\200064
|
| 090 |
|
|
|a 184480
|
| 100 |
|
|
|a 20100910d1987 km y0rusy50 ca
|
| 101 |
0 |
|
|a rus
|
| 102 |
|
|
|a RU
|
| 105 |
|
|
|a a z 001zy
|
| 200 |
1 |
|
|a Реконструктивная томография в газодинамике и физике плазмы
|f В. В. Пикалов, Н. Г. Преображенский
|g Академия наук СССР (АН СССР), Сибирское отделение (СО), Институт теоретической и прикладной механики (ИТПМ), (Новосибирск) ; под ред. М. М. Лаврентьева
|
| 210 |
|
|
|a Новосибирск
|c Наука
|d 1987
|
| 215 |
|
|
|a 231 с.
|c ил.
|
| 320 |
|
|
|a Библиогр.: с. 209-229.
|
| 610 |
1 |
|
|a физика
|
| 610 |
1 |
|
|a газовая динамика
|
| 610 |
1 |
|
|a плазма
|
| 610 |
1 |
|
|a томография
|
| 610 |
1 |
|
|a теория
|
| 610 |
1 |
|
|a двумерные объекты
|
| 610 |
1 |
|
|a задачи
|
| 610 |
1 |
|
|a алгоритмы
|
| 610 |
1 |
|
|a инверсия
|
| 675 |
|
|
|a 532.5
|v 3
|
| 675 |
|
|
|a 533.9
|v 3
|
| 700 |
|
1 |
|a Пикалов
|b В. В.
|g Валерий Владимирович
|
| 701 |
|
1 |
|a Преображенский
|b Н. Г.
|g Николай Георгиевич
|
| 702 |
|
1 |
|a Лаврентьев
|b М. М.
|4 340
|
| 712 |
0 |
2 |
|a Академия наук СССР (АН СССР)
|b Сибирское отделение (СО)
|b Институт теоретической и прикладной механики (ИТПМ)
|b (Новосибирск)
|2 stltpush
|3 (RuTPU)RU\TPU\col\11503
|
| 801 |
|
1 |
|a RU
|b 63413507
|c 20100910
|
| 801 |
|
2 |
|a RU
|b 63413507
|c 20110201
|g RCR
|
| 942 |
|
|
|c BK
|